2017/18 Real Madrid 3-1 Liverpool XI's - Statistics

General Stats
  • This quiz has been taken 16 times
  • The average score is 16 of 22
Answer Stats
Hint Answer % Correct
10 Luka Modric
100%
8 Toni Kroos
100%
7 Cristiano Ronaldo
93%
9 Karim Benzema
93%
4 Sergio Ramos
93%
12 Marcelo
79%
11 Mohamed Salah
79%
4 Virgil Van Dijk
79%
14 Casemiro
71%
2 Dani Carvajal
71%
1 Keylor Navas
71%
1 Loris Karius
71%
5 Raphael Varane
71%
9 Roberto Firmino
71%
66 Alexander-Arnold
64%
26 Andrew Robertson
64%
22 Isco
57%
14 Jordan Henderson
57%
19 Sadio Mane
57%
7 James Milner
50%
5 Georginio Wijnaldum
43%
6 Dejan Lovren
36%
No matching quizzes found
Score Distribution
Percent of People with Each Score
Percentile by Number Answered
Your Score History
You have not taken this quiz